000 00731nam a2200253 i 4500
001 C2-0123364
003 PPAK
005 20210606210652.0
008 970902s1994 my a j | 0 may d
020 _a9838650595
_qpaperback
040 _aPPAK
_beng
_cPPAK
_erda
082 0 4 _a499.2386
_223
090 0 0 _a499.2386
_bPEN
_dK
245 0 0 _aPenyakit mata perempuan tua /
264 1 _aKuala Lumpur :
_bPerfect Frontier,
_c1994
300 _a21 pages :
_billustrations ;
_c21 cm
336 _2rdacontent
_atext
337 _2rdamedia
_aunmediated
338 _2rdacarrier
_avolume
490 1 _aSiri bahan bacaan baru siri A
650 1 0 _aBahasa language
_vReaders
830 0 _aSiri bahan bacaan baru siri A
942 _cB
_2ddc
999 _c35909
_d35909